Význam malých a stredných podnikov v ekonomike Slovenska bakalárska práca

Saved in:
Bibliographic Details
Main Author: Sabová, Katarína
Corporate Author: Národohospodárska fakulta EU. Katedra hospodárskej politiky
Other Authors: Kopkáš, Peter
Format: Book
Language:Slovak
Published: Bratislava 2015
Tags: Add Tag
No Tags, Be the first to tag this record!

MARC

LEADER 00000nbm a2200000 4500
001 0205084
005 20161212095019.9
041 0 |a slo 
044 |a SK 
245 1 0 |a Význam malých a stredných podnikov v ekonomike Slovenska  |b bakalárska práca  |c Katarína Sabová ; školiteľ: Peter Kopkáš 
264 1 |a Bratislava  |c 2015 
300 |a 41 s. 
100 1 |a Sabová, Katarína 
700 1 |a Kopkáš, Peter 
710 2 |a Národohospodárska fakulta EU. Katedra hospodárskej politiky